00544nam a22001577a 450000500170000001000130001702000230003003700130005310000210006624500510008726000450013830000280018394200250021199900190023695201310025520180824123638.0 aA-939445 a8120313364c425.00 aDPLbENG aJennings, Roger  aUsing window nt server 4 /cby Roger Jennings  aNew DelhibPrentice-Hall of India c1998 axxx, 1079p.c24 cm (Hb) 2ddccENh005.43mJEN c156264d156264 001040708NFICaBL4bBL4d2018-08-24eBPPD/PUBg425.00l0o005.43 JENpA-939445r2018-08-24 00:00:00v425.00w2018-08-24yEN